|
|
|
|
| LEADER |
00968nab a2200217 i 4500 |
| 001 |
acta64323 |
| 005 |
20260224081030.0 |
| 008 |
200327s2014 hu o 000 hun d |
| 022 |
|
|
|a 2062-7084
|
| 040 |
|
|
|a SZTE Egyetemi Kiadványok Repozitórium
|b hun
|
| 041 |
|
|
|a hun
|
| 100 |
1 |
|
|a Koller Nóra
|
| 245 |
1 |
0 |
|a Fejes Nárcisz és P. Balogh Andrea, szerk.
|h [elektronikus dokumentum] :
|b Queer visibility in /
|c Koller Nóra
|
| 260 |
|
|
|c 2014
|
| 300 |
|
|
|a 200-208
|
| 490 |
0 |
|
|a Társadalmi Nemek Tudománya Interdiszciplináris eFolyóirat
|v 4 No. 1
|
| 695 |
|
|
|a Identitás - társadalomlélektan - könyvismertetés, Nemi identitás - könyvismertetés, Nemi szerep - könyvismertetés
|
| 700 |
0 |
1 |
|a Fejes Nárcisz
|
| 700 |
0 |
2 |
|a P. Balogh Andrea
|
| 710 |
|
|
|a A "magyar" társadalmi nemi és szexuális viszonyok sajátossága : összehasonlító megközelítések (2013) (Szeged)
|
| 856 |
4 |
0 |
|u http://acta.bibl.u-szeged.hu/64323/1/tntef_004_001_200-208.pdf
|z Dokumentum-elérés
|